00842cam a22002531 450000100060000000300080000600500170001400800390003103500190007003500180008904000430010704100080015008200210015810000280017924500570020725000190026426000380028330000310032150400200035265000310037294200120040399900170041595201560043216586BD-RjUL20211209000028.0140215s1959 enka 001 0 eng a(BD-RjUL)16641 a(OCoLC)845872 aDLCcCtUdOCoLCdUkdDLCdBD-RjULbeng aeng00a749.09bREF 19591 aReeves, David L.95124200aFurniture :bAn explanatory history /cDavid Reeves. a[New rev. ed.] aLondon :bFaber and Faber,c1959. a199 p. :billus. ;c23 cm. aIncludes index. 0aFurniturexHistory.951243 2ddccBK c16586d16586 00102ddc40718NFICaRUCLbRUCLcReadingd1969-07-04eNawroze Kitabiston , Daccag10.00l0o749.09 REF 1959r2014-02-15 00:00:00tC-1w2014-02-15yBK